Poemas del jardín : (Registro nro. 14381)

Detalles MARC
000 -LIDER
fixed length control field 00799nam a2200253 a 4500
001 - NÚMERO DE CONTROL
Identificador de número de control 000028683
003 - IDENTIFICACDOR DE NÚMERO DE CONTROL
control field DO-SdBNP
005 - DATE AND TIME OF LATEST TRANSACTION
control field 20230425084541.0
008 - ELEMENTOS DE LONGITUD FIJA
fixed length control field 110411s2010 dr a 000 p spa d
020 ## - ISBN
International Standard Book Number 9789945460247
040 ## - FUENTE DE CATALOGACIÓN
Agencia que crea de manera original el registro DO-SdBNP
Idioma de catalogación spa
Agencia que realiza la transcripción BPMSU
082 #4 - NÚMERO DE CLASIFICACIÓN DECIMAL DE DEWEY
Classification number RD861.44
Item number N576p
Edition number 22
100 1# - ASIENTO PRINCIPAL -- NOMBRE PERSONAL
Nombre personal Ng, Leibi
Forma completa del nombre (Ng, Leiby)
245 10 - MENCIÓN DE TITULO
Título Poemas del jardín :
Subtítulo ¡para leer un chín! /
Mención de responsabilidad Leibi Ng ; prólogo Aída Bonnelly.
260 ## - PUBLICACIÓN, DISTRIBUCIÓN, ETC. (PIE DE IMPRENTA)
Lugar de publicación, distribución, etc Santo Domingo :
Nombre del editor, distribuidor, etc. Editorial Santuario,
Fecha de publicación, distribución, etc 2010.
300 ## - DESCRIPCIÓN FÍSICA
Extensión [23 p.] :
Otros detalles físicos il. ;
Dimensiones 15 cm.
490 0# - MENCIÓN DE SERIES
Mención de serie Santuario Infantil
590 ## - NOTA LOCAL
Enlace Inventariado, 2023/VM
650 #4 - ENCABEZAMIENTO DE MATERIA--TEMÁTICO
Término temático o nombre geográfico como elemento de entrada Poesìa infantil dominicana
650 #4 - ENCABEZAMIENTO DE MATERIA--TEMÁTICO
Término temático o nombre geográfico como elemento de entrada Literatura infantil dominicana
700 1# - ASIENTO SECUNDARIO -- NOMBRE PERSONAL
Nombre personal Bonnelly, Aída,
Mención de responsabilidad pról.
910 ## - VALIDACIÓN
Validación VMateo V. Control de calidad (BPMSU)
942 ## - ADDED ENTRY ELEMENTS (KOHA)
Source of classification or shelving scheme Dewey Decimal Classification
Koha item type Libros
Existencias
Withdrawn status Lost status Source of classification or shelving scheme Damaged status Not for loan Collection code Home library Current library Date acquired Full call number Barcode Date last seen Price effective from Koha item type
    Dewey Decimal Classification     Colección Infantil Dominicana Biblioteca Pública Metropolitana Salomé Ureña Biblioteca Pública Metropolitana Salomé Ureña 04/24/2023 BPMSU CDI RD861.44 N576p 2010 BPMSU23040008 04/24/2023 04/24/2023 Libros